[Event "Lansing (MOR/7/32)"]
[Site "?"]
[Date "1997.??.??"]
[Round "?"]
[White "Menczer, David"]
[Black "Aldrich, Justin"]
[Result "1-0"]
[WhiteElo "1605"]
[BlackElo "1605"]
[PlyCount "62"]
[EventDate "1997.??.??"]

{7/(32)} 1. e4 e5 2. d4 exd4 3. c3 dxc3 4. Bc4 Nc6 5. Nf3 d6 6. Qb3 Qe7 7. Nxc3
Ne5 8. Qb5+ Nc6 9. O-O a6 10. Qg5 h6 11. Qf4 Nf6 12. Nd5 Nxd5 13. exd5 Ne5 14.
Nxe5 dxe5 15. Qe4 f5 16. Qe2 Qf6 17. Bd2 Bd7 18. Bc3 O-O-O 19. Rfe1 Re8 20. Kh1
Qg6 21. Bxe5 Bd6 22. f4 Re7 23. Qf2 Kb8 24. Re2 Rhe8 25. Rae1 Ka8 26. Qf3 Bb4
27. Rd1 Bd6 28. Qc3 h5 29. Rde1 Qg4 30. b4 b5 31. Bd3 g5 $138 1-0

[Event "Tecumseh (RVO/1/23)"]
[Site "?"]
[Date "1997.??.??"]
[Round "?"]
[White "McNeil, Yaking"]
[Black "Norwood, Wayne"]
[Result "1-0"]
[WhiteElo "1605"]
[BlackElo "1605"]
[PlyCount "23"]
[EventDate "1997.??.??"]

{1/(23)} 1. e4 e5 2. d4 exd4 3. c3 dxc3 4. Bc4 Bb4 5. bxc3 Bc5 6. Bxf7+ Kxf7 7.
Qd5+ Kf8 8. Qxc5+ d6 9. Qa3 Qe8 10. Nd2 Nf6 11. f3 Qg6 12. Kf2 {[Remainder of
scoresheet illegible]} 1-0

[Event "Tecumseh (RVO/5/14)"]
[Site "?"]
[Date "1997.??.??"]
[Round "?"]
[White "McNeil, Yaking"]
[Black "Kyser, Bob"]
[Result "1-0"]
[WhiteElo "1605"]
[BlackElo "1605"]
[PlyCount "69"]
[EventDate "1997.??.??"]

{5/(14)} 1. e4 e5 2. Nf3 Nc6 3. Bc4 f5 4. d3 f4 5. a3 Nf6 6. Nc3 Bc5 7. Ng5 d5
8. Nxd5 Nxd5 9. exd5 Qxg5 10. dxc6 Qxg2 11. Qh5+ g6 12. Qxe5+ Be7 13. Qxh8+ Bf8
14. Qe5+ Be7 15. Qe4 Qxe4+ 16. dxe4 g5 17. Bd5 b6 18. h3 Bf6 19. Ra2 Ke7 20.
Bd2 a5 21. b3 Be6 22. c4 Bxd5 23. cxd5 f3 24. Rg1 Kd6 25. Rg3 Re8 26. Rxf3
Rxe4+ 27. Be3 Bc3+ 28. Ke2 h6 29. Kd3 Kxd5 30. Kxc3 Re6 31. Rc2 Ke4 32. Rf7
Rxc6+ 33. Kb2 Rxc2+ 34. Kxc2 c5 35. Rh7 1-0

[Event "Tecumseh (RVO/3/13) f10/18"]
[Site "?"]
[Date "1997.??.??"]
[Round "?"]
[White "McNeil, Yaking"]
[Black "Hooker, Larry"]
[Result "0-1"]
[WhiteElo "1605"]
[BlackElo "1605"]
[PlyCount "26"]
[EventDate "1997.??.??"]

{3/(13)} 1. e4 e5 2. d4 exd4 3. c3 dxc3 4. Bc4 cxb2 5. Bxb2 Nf6 6. e5 Qe7 7.
Nf3 Qb4+ 8. Bc3 Qxc4 9. exf6 gxf6 10. Bxf6 Rg8 11. g3 Qe4+ 12. Qe2 Qxe2+ 13.
Kxe2 Rg6 {[Remainder of scoresheet illegible]} 0-1

[Event "Tecumseh (RVO/3/8)"]
[Site "?"]
[Date "1997.??.??"]
[Round "?"]
[White "McNair, Shawn"]
[Black "Steen, Harold"]
[Result "1/2-1/2"]
[WhiteElo "1605"]
[BlackElo "1755"]
[PlyCount "84"]
[EventDate "1997.??.??"]

{3/(8)} 1. e4 d6 2. d4 Nf6 3. Nc3 g6 4. Bg5 Bg7 5. Nf3 Nbd7 6. Bc4 O-O 7. h4 h5
8. Qd2 Kh7 9. Bxf6 Nxf6 10. Ng5+ Kg8 11. Nxf7 Rxf7 12. Bxf7+ Kxf7 13. O-O-O c6
14. Qf4 Kg8 15. Qg3 Kh7 16. e5 Ng4 17. Ne4 Qa5 18. Qb3 d5 19. Ng5+ Kg8 20. e6
Qc7 21. Qf3 Bf6 22. Qd3 Bxg5+ 23. Kb1 Kg7 24. hxg5 Bxe6 25. Qe2 Bf5 26. f3 Re8
27. Rde1 Nh2 28. Qe5+ Qxe5 29. Rxe5 Ng4 30. fxg4 Bxg4 31. Kc1 Bf5 32. Kd2 e6
33. Rhe1 Kf7 34. R1e3 Ke7 35. Ra3 Ra8 36. Rae3 Kd6 37. Rb3 Kc7 38. a4 a5 39.
Ra3 Ra6 40. c3 Rb6 41. b3 Ra6 42. Ke2 c5 1/2-1/2

[Event "Tecumseh (RVO/5/8)"]
[Site "?"]
[Date "1997.??.??"]
[Round "?"]
[White "McNair, Shawn"]
[Black "Petriz, Javier"]
[Result "1/2-1/2"]
[WhiteElo "1605"]
[BlackElo "1605"]
[PlyCount "42"]
[EventDate "1997.??.??"]

{5/(8)} 1. e4 e6 2. d4 d5 3. e5 c5 4. c3 Nc6 5. Nf3 Qb6 6. Be2 cxd4 7. cxd4
Bb4+ 8. Nc3 Nge7 9. h3 Bxc3+ 10. bxc3 O-O 11. Qc2 Bd7 12. Bd3 g6 13. Bh6 Rfc8
14. Qd2 Nf5 15. O-O Na5 16. Rab1 Qd8 17. Bg5 Qf8 18. Bxf5 exf5 19. Bh6 Qd8 20.
Bg5 Qf8 21. Bh6 Qd8 1/2-1/2

[Event "Tecumseh (RVO/1/4)"]
[Site "?"]
[Date "1997.??.??"]
[Round "?"]
[White "McNair, Shawn"]
[Black "Kamber, G."]
[Result "0-1"]
[WhiteElo "1605"]
[BlackElo "1945"]
[PlyCount "110"]
[EventDate "1997.??.??"]

{1/(4)} 1. e4 c6 2. d4 d5 3. exd5 cxd5 4. c4 Nf6 5. Nc3 e6 6. Bg5 Be7 7. Nf3
Nc6 8. cxd5 Nxd5 9. Bxe7 Ncxe7 10. Bb5+ Bd7 11. Bxd7+ Qxd7 12. Ne5 Qc7 13. Nxd5
exd5 14. Qa4+ Nc6 15. Rc1 Rc8 16. O-O O-O 17. Rfe1 Qb6 18. Nd7 Qxd4 19. Qxd4
Nxd4 20. Nxf8 Rxc1 21. Rxc1 Ne2+ 22. Kf1 Nxc1 23. Nd7 Nxa2 24. Ke2 f6 25. Nc5
b6 26. Nd3 Kf7 27. Kd2 Ke6 28. Kc2 a5 29. Kb3 Nb4 30. Nxb4 axb4 31. Kxb4 Kd6
32. f3 Kc6 33. Kc3 f5 34. Kd4 Kd6 35. f4 h6 36. h4 h5 37. b4 Kc6 38. Kc3 Kb5
39. Kd4 Kxb4 40. Kxd5 b5 41. Ke5 Kc4 42. Kxf5 b4 43. Kg6 b3 44. Kxg7 b2 45. f5
b1=Q 46. f6 Qb2 47. Kg6 Qxg2+ 48. Kxh5 Kd5 49. f7 Qg7 50. f8=Q Qxf8 51. Kg6 Qh8
52. h5 Ke6 53. h6 Ke5 54. h7 Ke6 55. Kh6 Kf5 0-1

[Event "Lansing (MOR/1a/14)"]
[Site "?"]
[Date "1997.??.??"]
[Round "?"]
[White "McNair, Shawn"]
[Black "Imai, Toshio"]
[Result "1-0"]
[WhiteElo "1605"]
[BlackElo "1605"]
[PlyCount "51"]
[EventDate "1997.??.??"]

1. e4 e5 2. Nf3 Nc6 3. Nc3 Nf6 4. Bc4 Bc5 5. d3 d6 6. Bg5 Bg4 7. h3 Bh5 8. Nd5
h6 9. Nxf6+ gxf6 10. Bd2 Qd7 11. Bb5 Bg6 12. Qe2 a6 13. Bc4 h5 14. O-O-O b5 15.
Bd5 Rb8 16. Nh4 Nd4 17. Qf1 c6 18. Bb3 Nxb3+ 19. axb3 a5 20. f4 b4 21. fxe5
fxe5 22. Qf6 Rg8 23. Bg5 Qa7 24. Nxg6 fxg6 25. Qe6+ Kf8 26. Bh6+ 1-0

[Event "Lansing (MOR/3/32)"]
[Site "?"]
[Date "1997.??.??"]
[Round "?"]
[White "McNair, Shawn"]
[Black "Haygood, Norman"]
[Result "1/2-1/2"]
[WhiteElo "1605"]
[BlackElo "1605"]
[PlyCount "88"]
[EventDate "1997.??.??"]

{3/(32)} 1. e4 c6 2. d4 d5 3. exd5 cxd5 4. c4 Nf6 5. Nc3 Nc6 6. Nf3 g6 7. Bg5
dxc4 8. Bxf6 exf6 9. Bxc4 Bg7 10. O-O O-O 11. d5 Ne5 12. Be2 Bg4 13. h3 Bxf3
14. Bxf3 Nxf3+ 15. Qxf3 f5 16. Rfd1 Qb6 17. Rab1 Rfd8 18. Ne2 Rac8 19. Nc3 Qb4
20. Qe3 Qc5 21. Qd2 b6 22. Rbc1 Bxc3 23. Rxc3 Qd6 24. Qc1 Rc5 25. Rxc5 Qxc5 26.
Qxc5 bxc5 27. Kf1 Rd6 28. Ke2 Kg7 29. f4 f6 30. Rd2 Kf7 31. Kd1 Ke7 32. Kc2 Kd7
33. Kc3 Kc7 34. Kc4 Kb6 35. Rd3 a6 36. Rb3+ Kc7 37. Re3 Rb6 38. Re7+ Kd8 39.
Rxh7 Rxb2 40. Kxc5 Kc8 41. Kd6 Rb6+ 42. Kc5 Rb5+ 43. Kd4 Rb4+ 44. Kc3 Rxf4
1/2-1/2

[Event "Lansing (MOR/5/38)"]
[Site "?"]
[Date "1997.??.??"]
[Round "?"]
[White "McNair, Shawn"]
[Black "Davis, T."]
[Result "1-0"]
[WhiteElo "1605"]
[BlackElo "1605"]
[PlyCount "49"]
[EventDate "1997.??.??"]

{5/(38)} 1. e4 c5 2. Nf3 d6 3. d4 cxd4 4. Nxd4 Nf6 5. Nc3 Nc6 6. Be2 g6 7. O-O
Bg7 8. Nf3 O-O 9. Re1 a6 10. a3 e6 11. Bc4 b5 12. Ba2 Bb7 13. Bg5 Qc7 14. Qd2
Rad8 15. Bh6 Ne7 16. Bxg7 Kxg7 17. Rad1 e5 18. Ng5 d5 19. exd5 Nexd5 20. Nxd5
Bxd5 21. Bxd5 Nxd5 22. Qc1 Ne7 23. b3 Rxd1 24. Rxd1 f6 25. Ne6+ 1-0

[Event "Lansing (MOR/4/3)"]
[Site "?"]
[Date "1997.??.??"]
[Round "?"]
[White "McGrath, Michael"]
[Black "Saylor, Oliver"]
[Result "1-0"]
[WhiteElo "1700"]
[BlackElo "1605"]
[PlyCount "75"]
[EventDate "1997.??.??"]

{4/(3)} 1. f4 d5 2. Nf3 Nf6 3. b3 Nc6 4. Bb2 Bg4 5. e3 e6 6. Bb5 a6 7. Bxc6+
bxc6 8. O-O Bd6 9. Qe1 Bxf3 10. Rxf3 O-O 11. Qh4 Ne4 12. Qg4 Nf6 13. Qg5 Be7
14. Rh3 c5 15. Na3 d4 16. exd4 cxd4 17. Nc4 c5 18. Rg3 g6 19. Re1 Nh5 20. Qxh5
Bh4 21. Qg4 Bxg3 22. Qxg3 Ra7 23. d3 Rd7 24. Bc1 Rd5 25. Re5 h5 26. Ba3 Rxe5
27. fxe5 Qe7 28. Bc1 Kh7 29. Bg5 Qb7 30. Bf6 Qb4 31. Qf2 Qc3 32. h4 Qa1+ 33.
Kh2 Rg8 34. Nd6 Qc1 35. Bg5 Qd1 36. Qxf7+ Rg7 37. Qf8 Qg4 38. Nf7 1-0

[Event "Lansing (MOR/2/10)"]
[Site "?"]
[Date "1997.??.??"]
[Round "?"]
[White "McGrath, Michael"]
[Black "Parker, Harvard"]
[Result "1-0"]
[WhiteElo "1700"]
[BlackElo "1605"]
[PlyCount "103"]
[EventDate "1997.??.??"]

{2/(10)} 1. f4 d5 2. Nf3 Nf6 3. b3 g6 4. Bb2 Bg7 5. e3 O-O 6. Be2 c5 7. O-O Nc6
8. d3 b5 9. a4 b4 10. Ne5 Qc7 11. Nd2 Nd7 12. Nxc6 Qxc6 13. Bxg7 Kxg7 14. e4 d4
15. e5 Bb7 16. Bf3 Qc7 17. Qe1 Bxf3 18. Rxf3 Qc6 19. Qh4 Rae8 20. Raf1 f6 21.
Rh3 Rh8 22. Qh6+ Kf7 23. Ne4 c4 24. bxc4 Qxa4 25. exf6 exf6 26. Nd6+ Ke7 27.
Nxe8 Rxe8 28. Qg7+ Kd6 29. Rxh7 Re2 30. Qf7 a5 31. Qd5+ Kc7 32. Qxd4 Qc6 33.
Rf3 Rxc2 34. Qa7+ Kd6 35. Qxa5 Qc5+ 36. Qxc5+ Nxc5 37. d4 Na4 38. c5+ Kc6 39.
Rf7 Nc3 40. Rxf6+ Kc7 41. Rh3 Rc1+ 42. Kf2 Ne4+ 43. Ke2 Nxf6 44. Kd2 Rxc5 45.
dxc5 Ne4+ 46. Kc2 Nxc5 47. Rh6 b3+ 48. Kc3 Kb6 49. Rxg6+ Kb5 50. Rg8 Ne6 51. f5
Nc5 52. Rb8+ 1-0

[Event "Tecumseh (RVO/2/11)"]
[Site "?"]
[Date "1997.??.??"]
[Round "?"]
[White "McGrath, Michael"]
[Black "Jackson, T."]
[Result "1-0"]
[WhiteElo "1700"]
[BlackElo "1605"]
[PlyCount "68"]
[EventDate "1997.??.??"]

{2/(11)} 1. f4 e6 2. Nf3 d5 3. e3 Bd6 4. b3 Nf6 5. Bb2 Bd7 6. Be2 Nc6 7. Ne5
Ne4 8. O-O Bxe5 9. fxe5 Qg5 10. Rf4 Qe7 11. Bh5 g6 12. Be2 h5 13. d3 Nc5 14.
Ba3 g5 15. Rf2 d4 16. exd4 Nxd4 17. Bxh5 Rf8 18. c3 Nb5 19. Bb2 O-O-O 20. c4
Na6 21. cxb5 Bxb5 22. d4 Nb4 23. Be2 Bxe2 24. Qxe2 Rh8 25. Qc4 g4 26. g3 Nc6
27. Nd2 Nxe5 28. dxe5 Rd5 29. Rc1 b5 30. Qc6 Kb8 31. Ne4 Rhd8 32. Nc5 Rxc5 33.
Qxc5 Qd7 34. Rfc2 Rc8 1-0

[Event "Tecumseh (RVO/4/10)"]
[Site "?"]
[Date "1997.??.??"]
[Round "?"]
[White "McGrath, Michael"]
[Black "Hollinsworth, Galon"]
[Result "1-0"]
[WhiteElo "1700"]
[BlackElo "1605"]
[PlyCount "45"]
[EventDate "1997.??.??"]

{4/(10)} 1. f4 Nf6 2. b3 Nc6 3. Bb2 d6 4. Nf3 Bg4 5. e3 e5 6. fxe5 Nxe5 7. Be2
Qe7 8. O-O O-O-O 9. a4 h5 10. a5 Bxf3 11. Bxf3 g5 12. d4 Nxf3+ 13. Qxf3 Bg7 14.
a6 d5 15. axb7+ Kb8 16. Ba3 Rd6 17. Nc3 g4 18. Bxd6 cxd6 19. Qe2 Bh6 20. Rxf6
Qxf6 21. Nxd5 Qe6 22. c4 Re8 23. Kf2 {[Remainder of scoresheet illegible]} 1-0

[Event "Lansing (MOR/6/1)"]
[Site "?"]
[Date "1997.??.??"]
[Round "?"]
[White "McGrath, Michael"]
[Black "Hill, Brad"]
[Result "0-1"]
[WhiteElo "1700"]
[BlackElo "1765"]
[PlyCount "102"]
[EventDate "1997.??.??"]

{6/(1)} 1. f4 d5 2. b3 c5 3. Nf3 Nc6 4. e3 e6 5. Bb2 Nf6 6. Bb5 Bd7 7. O-O Bd6
8. d3 O-O 9. Nbd2 a6 10. Bxc6 Bxc6 11. Ne5 Rc8 12. Qe1 Nd7 13. Ndf3 f6 14. Nxc6
Rxc6 15. Qh4 e5 16. c4 d4 17. fxe5 fxe5 18. Qxd8 Rxd8 19. e4 Be7 20. Rf2 h6 21.
Bc1 Re6 22. Bd2 Rc8 23. Raf1 b5 24. Rc1 b4 25. g3 Rb8 26. Kg2 a5 27. Ra1 a4 28.
Bc1 Ra6 29. Bb2 Rba8 30. Rff1 Bf6 31. h4 Nb8 32. g4 Nc6 33. Kg3 g6 34. h5 gxh5
35. gxh5 axb3 36. axb3 Rxa1 37. Rxa1 Rxa1 38. Bxa1 Na5 39. Kg4 Nxb3 40. Bb2 Bg5
41. Nxg5 hxg5 42. Kxg5 Nd2 43. Kg4 Kh7 44. Kg3 Nb1 45. Bxd4 cxd4 46. Kg4 Nc3
47. Kf5 b3 48. Kxe5 b2 49. Kxd4 Na4 50. Ke5 b1=Q 51. c5 Nxc5 0-1

[Event "Lansing (MOR/5/22)"]
[Site "?"]
[Date "1997.??.??"]
[Round "?"]
[White "McCarter, Robert"]
[Black "Serwatowski, Felix"]
[Result "0-1"]
[WhiteElo "1615"]
[BlackElo "1605"]
[PlyCount "102"]
[EventDate "1997.??.??"]

{5/(22)} 1. d4 Nf6 2. Nf3 g6 3. Bf4 d6 4. h3 Bg7 5. e3 Bf5 6. c4 O-O 7. Nc3 c6
8. Be2 Nbd7 9. Qb3 Qc8 10. O-O Re8 11. Rac1 e5 12. dxe5 dxe5 13. Bh2 Nc5 14.
Qa3 Nce4 15. Nxe4 Nxe4 16. Rfd1 c5 17. Nh4 b6 18. Nxf5 Qxf5 19. f3 Ng5 20. e4
Qf6 21. Rd5 Qc6 22. Rcd1 f6 23. Rd6 Qc8 24. Qd3 Ne6 25. Qd5 Kh8 26. Rd7 Nd4 27.
Qf7 Rg8 28. Kf2 Qf8 29. Qd5 Rd8 30. Bf1 Rxd7 31. Qxd7 Qa8 32. h4 Rd8 33. Qa4
Rf8 34. g4 g5 35. Bg3 f5 36. gxf5 g4 37. Qd7 Rxf5 38. Rxd4 Rxf3+ 39. Kg2 exd4
40. Qxg4 Rf6 41. Bd3 Rg6 42. Qd7 Be5 43. Kf1 Rxg3 44. Ke2 Qf8 45. Qf5 Qxf5 46.
exf5 Rh3 47. h5 Rxh5 48. Kf3 Rh2 49. Ke4 Bf6 50. Kd5 Rxb2 51. Ke6 Kg7 0-1

[Event "Lansing (MOR/1a/11)"]
[Site "?"]
[Date "1997.??.??"]
[Round "?"]
[White "McCarter, Robert"]
[Black "Mitchell, Dave"]
[Result "1-0"]
[WhiteElo "1615"]
[BlackElo "1605"]
[PlyCount "61"]
[EventDate "1997.??.??"]

1. d4 d6 2. Nf3 c6 3. c4 Nf6 4. Nc3 Bg4 5. e4 Nbd7 6. h3 Bh5 7. Be2 e5 8. d5
Be7 9. Be3 O-O 10. b4 b6 11. dxc6 Nb8 12. b5 a6 13. a4 Qc7 14. Nd5 Nxd5 15.
cxd5 Bg6 16. Nd2 Rd8 17. O-O Nd7 18. cxd7 Rxd7 19. Rc1 Qb7 20. bxa6 Qb8 21. Qb3
Bd8 22. Bb5 Rc7 23. Bc6 Rxa6 24. f3 Rc8 25. Nc4 Bc7 26. Qb5 Qa7 27. a5 Rb8 28.
axb6 Bxb6 29. Bxb6 Raxb6 30. Nxb6 Rxb6 31. Ra1 1-0

[Event "Lansing (MOR/7/21)"]
[Site "?"]
[Date "1997.??.??"]
[Round "?"]
[White "McCarter, Robert"]
[Black "Gregg, Ted"]
[Result "1/2-1/2"]
[WhiteElo "1615"]
[BlackElo "1605"]
[PlyCount "83"]
[EventDate "1997.??.??"]

{7/(21)} 1. d4 d5 2. Nf3 Nf6 3. Bf4 e6 4. e3 c5 5. c3 c4 6. Nbd2 Bd6 7. Bg5
Nbd7 8. Qc2 Qc7 9. e4 Ng8 10. e5 Be7 11. Be3 f6 12. exf6 Ngxf6 13. Be2 O-O 14.
Bg5 Rf7 15. Bxf6 Nxf6 16. Ng5 Rf8 17. Ndf3 Bd6 18. O-O-O Bd7 19. h4 h6 20. Nh3
b5 21. Rde1 b4 22. Ne5 Bxe5 23. dxe5 Ne4 24. Bf3 Nc5 25. Be2 Qa5 26. cxb4 Qxb4
27. g4 Rfc8 28. Qc3 Nd3+ 29. Kd2 Qxc3+ 30. Kxc3 Nxe1 31. Rxe1 Rab8 32. g5 Rc6
33. Bg4 Rcb6 34. Re2 Be8 35. h5 Kh7 36. g6+ Kg8 37. f4 Bd7 38. Ng1 Rf8 39. Rf2
a5 40. Ne2 a4 41. Nd4 Re8 42. a3 1/2-1/2

[Event "Lansing (MOR/3/4)"]
[Site "?"]
[Date "1997.??.??"]
[Round "?"]
[White "McCarter, Robert"]
[Black "Barta, Roger"]
[Result "0-1"]
[WhiteElo "1615"]
[BlackElo "1705"]
[PlyCount "89"]
[EventDate "1997.??.??"]

{3/(4)} 1. d4 d5 2. Nf3 Bf5 3. Bf4 e6 4. e3 Nf6 5. c4 c6 6. Nbd2 Nbd7 7. Rc1
Be7 8. h3 dxc4 9. Nxc4 Ne4 10. a3 O-O 11. Be2 Ndf6 12. O-O Nd5 13. Bh2 Kh8 14.
Qb3 Nb6 15. Nce5 f6 16. Nd3 Bd6 17. Bxd6 Qxd6 18. Nh4 Nd2 19. Nxf5 exf5 20. Qc2
Nxf1 21. Bxf1 Nd5 22. Nc5 b6 23. Na6 f4 24. e4 Ne7 25. Qc3 Rfd8 26. Rd1 c5 27.
d5 Nc6 28. b4 Nd4 29. bxc5 bxc5 30. Qxc5 Qxc5 31. Nxc5 Rdc8 32. Rxd4 Rxc5 33.
f3 Rac8 34. d6 Kg8 35. a4 Kf8 36. Bb5 Kf7 37. d7 Rd8 38. Kh2 Ke7 39. Rd2 Rb8
40. Kg1 Kd8 41. Kf2 Rb6 42. Rd5 Rc2+ 43. Kf1 a6 44. a5 Rxb5 45. Rd6 0-1

[Event "Lansing (MI Op/2/10)"]
[Site "?"]
[Date "1997.??.??"]
[Round "?"]
[White "Mazuchowski, Tom"]
[Black "Thomas, Henry"]
[Result "1-0"]
[WhiteElo "2095"]
[BlackElo "1800"]
[PlyCount "67"]
[EventDate "1997.??.??"]

{2/(10)} 1. e4 e5 2. f4 exf4 3. Be2 Be7 4. d4 Bh4+ 5. Kf1 Nf6 6. Nc3 d5 7. exd5
Nxd5 8. Nxd5 Qxd5 9. Nf3 Bf6 10. Bxf4 Nc6 11. c3 O-O 12. Bxc7 Re8 13. Qd2 Bg4
14. b3 Re7 15. Bg3 Rae8 16. Re1 Qh5 17. Kf2 Bg5 18. Bf4 Bxf4 19. Qxf4 Re3 20.
Bc4 Rxe1 21. Rxe1 Rxe1 22. Kxe1 Bxf3 23. Qxf3 Qxf3 24. gxf3 Kf8 25. Bd5 Nd8 26.
Kd2 Ke7 27. c4 f5 28. f4 h6 29. h4 b6 30. b4 Kd6 31. b5 g6 32. Ke3 Ne6 33. Bxe6
Kxe6 34. c5 1-0

[Event "Lansing (MI Op/7/8)"]
[Site "?"]
[Date "1997.??.??"]
[Round "?"]
[White "Mazuchowski, Tom"]
[Black "Hartwig, Thomas"]
[Result "1-0"]
[WhiteElo "2095"]
[BlackElo "1850"]
[PlyCount "99"]
[EventDate "1997.??.??"]

{7/(8)} 1. Nc3 d5 2. d4 Nf6 3. Bg5 e6 4. e4 dxe4 5. Nxe4 Nbd7 6. Nf3 Be7 7.
Bxf6 Nxf6 8. Bd3 c5 9. dxc5 Nxe4 10. Bxe4 Qa5+ 11. Qd2 Qxd2+ 12. Nxd2 Bxc5 13.
Nb3 Bb6 14. c4 Ke7 15. c5 Bc7 16. O-O-O Rb8 17. g3 Bd7 18. f4 Rhc8 19. Nd4 e5
20. Nf5+ Bxf5 21. Bxf5 Rd8 22. fxe5 Bxe5 23. Kc2 g6 24. Bh3 Rxd1 25. Rxd1 f5
26. Bg2 Rc8 27. b4 Rc7 28. Kb3 h5 29. Rd5 Ke6 30. Rd3 h4 31. Kc4 Rd7 32. Rxd7
Kxd7 33. Bxb7 hxg3 34. hxg3 Bxg3 35. a4 Kc7 36. Bd5 Be1 37. Bf7 g5 38. Be6 f4
39. Bg4 a6 40. Bf3 Bd2 41. b5 axb5+ 42. axb5 Be3 43. b6+ Kb8 44. Kb5 g4 45.
Bxg4 f3 46. Bxf3 Bf2 47. c6 Bg3 48. Bg4 Bh2 49. Kc4 Bg1 50. c7+ 1-0

[Event "Lansing (MI Op/4/2)"]
[Site "?"]
[Date "1997.??.??"]
[Round "?"]
[White "Mazuchowski, Tom"]
[Black "Ciaffone, Bob"]
[Result "1/2-1/2"]
[WhiteElo "2095"]
[BlackElo "2200"]
[PlyCount "76"]
[EventDate "1997.??.??"]

{4/(2)} 1. e4 c5 2. Nf3 d6 3. d4 cxd4 4. Nxd4 Nc6 5. Nc3 e6 6. Be2 Nf6 7. Bg5
Be7 8. O-O h6 9. Be3 a6 10. f3 Qc7 11. Na4 b5 12. Nxc6 Qxc6 13. Nb6 Rb8 14.
Nxc8 Rxc8 15. c3 O-O 16. a4 d5 17. axb5 axb5 18. e5 Nd7 19. Bd4 Bc5 20. f4 Qb6
21. b4 Bxd4+ 22. Qxd4 Rxc3 23. Qxb6 Nxb6 24. Bxb5 Rfc8 25. Rfb1 d4 26. Rd1 Rb3
27. Rxd4 Nd5 28. f5 Rxb4 29. Rxb4 Nxb4 30. fxe6 fxe6 31. Rb1 Nc6 32. Rc1 Na7
33. Rxc8+ Nxc8 34. Bd7 Nb6 35. Bxe6+ Kf8 36. Kf2 Ke7 37. Bb3 Nd7 38. e6 Nc5
1/2-1/2

[Event "Michigan Senior"]
[Site "Ann Arbor, MI"]
[Date "1997.??.??"]
[Round "4.5"]
[White "Matias, I.C."]
[Black "Steen, Harold"]
[Result "1-0"]
[WhiteElo "1645"]
[BlackElo "1780"]
[PlyCount "93"]
[EventDate "1997.??.??"]

{4/(5)} 1. d4 Nf6 2. c4 g6 3. Nc3 Bg7 4. e4 d6 5. Nf3 O-O 6. Be2 c5 7. O-O cxd4
8. Nxd4 Nc6 9. Be3 a6 10. h3 e6 11. Qd2 Qc7 12. Rad1 Ne8 13. f4 b6 14. f5 Nxd4
15. Bxd4 Bxd4+ 16. Qxd4 exf5 17. Nd5 Qd8 18. Nxb6 Rb8 19. Nxc8 Qxc8 20. exf5
Qc5 21. Qxc5 dxc5 22. b3 Nc7 23. fxg6 hxg6 24. Rd7 Ne6 25. Bf3 Rb6 26. Bd5 Nd8
27. Rc7 Ne6 28. Bxe6 Rxe6 29. Rxc5 Re2 30. Ra5 Ra8 31. Rf6 Re6 32. Rxe6 fxe6
33. Kf2 Kf7 34. Ke3 Kf6 35. b4 Rb8 36. a3 Rb6 37. b5 axb5 38. cxb5 g5 39. a4
Rb8 40. Ra6 Rc8 41. Rc6 Ra8 42. Rc4 Ke7 43. b6 Kd6 44. b7 Rb8 45. Rb4 Kc5 46.
Rb2 Kc4 47. a5 1-0

[Event "Lansing (MOR/1b/7)"]
[Site "?"]
[Date "1997.??.??"]
[Round "?"]
[White "Matias, I.C."]
[Black "Saylor, Oliver"]
[Result "0-1"]
[WhiteElo "1685"]
[BlackElo "1605"]
[PlyCount "86"]
[EventDate "1997.??.??"]

1. d4 Nf6 2. c4 c6 3. Nc3 d5 4. Nf3 Bg4 5. Ne5 Bf5 6. Qb3 b6 7. e3 Nbd7 8. Nxc6
Qc7 9. cxd5 Nxd5 10. Qxd5 e6 11. Qf3 Rc8 12. Bb5 Bd6 13. e4 Bg6 14. e5 Bf8 15.
Bd2 Bf5 16. O-O Qb7 17. Ne4 Bxe4 18. Qxe4 a6 19. Bxa6 Qxa6 20. Nb4 Bxb4 21.
Bxb4 b5 22. Qh4 f6 23. exf6 Nxf6 24. Rfe1 Rc4 25. Bc5 Rc2 26. Qg3 Kf7 27. Qc7+
Kg6 28. Re3 Nh5 29. Rae1 Re8 30. Qd7 Qc8 31. Rxe6+ Rxe6 32. Rxe6+ Nf6 33. Qe7
Qxe6 34. h3 Qxe7 35. Bxe7 Rxb2 36. a3 Ne4 37. f3 Ng3 38. Bc5 Rd2 39. Bd6 Ne2+
40. Kh2 Rxd4 41. Bb4 Nf4 42. Kg3 Nd5 43. Bc5 Rd2 0-1

[Event "Lansing (MOR/6/14)"]
[Site "?"]
[Date "1997.??.??"]
[Round "?"]
[White "Matias, I.C."]
[Black "Parker, Harvard"]
[Result "1-0"]
[WhiteElo "1685"]
[BlackElo "1605"]
[PlyCount "68"]
[EventDate "1997.??.??"]

{6/(14)} 1. d4 Nf6 2. c4 e6 3. Nc3 Bb4 4. e3 O-O 5. Nge2 d5 6. a3 Be7 7. Ng3
Nbd7 8. Bd3 dxc4 9. Bxc4 c5 10. O-O b6 11. d5 exd5 12. Nxd5 Nxd5 13. Bxd5 Rb8
14. e4 Ba6 15. Re1 Qc7 16. Qc2 Nf6 17. Ba2 Bd6 18. Bd2 h5 19. Bc3 Be5 20. Rad1
h4 21. Bxe5 Qxe5 22. Nf1 Bxf1 23. Rxf1 g5 24. Qc3 Qxc3 25. bxc3 Nxe4 26. Rd5
Rbd8 27. Rfd1 Rxd5 28. Rxd5 Nxc3 29. Rxg5+ Kh7 30. Bb3 Re8 31. g3 hxg3 32. hxg3
Kh6 33. Rf5 Re1+ 34. Kg2 Ne2 {[Remainder of scoresheet illegible]} 1-0

[Event "Lansing (MOR/4/29)"]
[Site "?"]
[Date "1997.??.??"]
[Round "?"]
[White "Matias, I.C."]
[Black "McNair, Shawn"]
[Result "1-0"]
[WhiteElo "1665"]
[BlackElo "1605"]
[PlyCount "82"]
[EventDate "1997.??.??"]

{4/(29)} 1. d4 Nf6 2. c4 e5 3. dxe5 Ng4 4. Nf3 Bc5 5. e3 Nc6 6. Nc3 Ngxe5 7.
Nxe5 Nxe5 8. Be2 d6 9. O-O O-O 10. b3 Re8 11. Bb2 Qh4 12. Nd5 Qd8 13. b4 c6 14.
bxc5 cxd5 15. cxd5 dxc5 16. Qb3 b6 17. Rad1 Nd7 18. Bb5 a6 19. Bc6 Rb8 20. Qc3
f6 21. Rfe1 Bb7 22. e4 Qc7 23. Bxb7 Qxb7 24. f4 b5 25. e5 fxe5 26. fxe5 c4 27.
e6 Nc5 28. Qe5 Nd3 29. Rxd3 cxd3 30. d6 d2 31. Rd1 Rxe6 32. Qxe6+ Kh8 33. Rxd2
Rf8 34. Qe7 Qb6+ 35. Bd4 Qxd4+ 36. Rxd4 Rc8 37. d7 Rc1+ 38. Kf2 Rc2+ 39. Kf3
Rc3+ 40. Kf4 h6 41. d8=Q+ Kh7 1-0

[Event "Michigan Senior"]
[Site "Ann Arbor, MI"]
[Date "1997.??.??"]
[Round "2.11"]
[White "Matias, I.C."]
[Black "Bedy, N."]
[Result "1-0"]
[WhiteElo "1645"]
[BlackElo "1605"]
[PlyCount "35"]
[EventDate "1997.??.??"]

{2/(11)} 1. d4 d5 2. c4 dxc4 3. Nf3 Nf6 4. e3 e6 5. Bxc4 c5 6. O-O Be7 7. Qe2
cxd4 8. exd4 O-O 9. Nc3 a6 10. Bg5 b5 11. Bb3 Re8 12. Rad1 Bb7 13. Ne5 Nbd7 14.
Nxf7 Kxf7 15. Qxe6+ Kg6 16. Qf7+ Kxg5 17. Qxg7+ Kf5 18. f3 1-0

[Event "Lansing (MOR/4/45)"]
[Site "?"]
[Date "1997.??.??"]
[Round "?"]
[White "Masek, Adam"]
[Black "Underhill, R."]
[Result "1-0"]
[WhiteElo "1605"]
[BlackElo "1605"]
[PlyCount "29"]
[EventDate "1997.??.??"]

{4/(45)} 1. e4 c5 2. Nc3 e6 3. f4 a6 4. Nf3 d6 5. d4 cxd4 6. Nxd4 Nf6 7. e5
dxe5 8. fxe5 Nfd7 9. Bf4 b5 10. Qf3 Nb6 11. O-O-O Qc7 12. Bg5 Bb7 13. Ndxb5
axb5 14. Qxb7 Na6 15. Bxb5+ 1-0

[Event "Lansing (MOR/6/39)"]
[Site "?"]
[Date "1997.??.??"]
[Round "?"]
[White "Masek, Adam"]
[Black "Moore, A."]
[Result "1-0"]
[WhiteElo "1605"]
[BlackElo "1605"]
[PlyCount "37"]
[EventDate "1997.??.??"]

{6/(39)} 1. e4 e5 2. Nf3 Nc6 3. Bb5 d6 4. Bxc6+ bxc6 5. d4 Bg4 6. dxe5 dxe5 7.
Qxd8+ Rxd8 8. Nbd2 Bb4 9. Nxe5 Bd7 10. c3 Bd6 11. Ndc4 Nf6 12. Bg5 Bxe5 13.
Nxe5 O-O 14. Rd1 Rfe8 15. Bxf6 gxf6 16. Nxd7 Rxe4+ 17. Kf1 Re6 18. Nxf6+ Kg7
19. Rxd8 1-0

[Event "Lansing (MOR/2/52)"]
[Site "?"]
[Date "1997.??.??"]
[Round "?"]
[White "Masek, Adam"]
[Black "Krimmel, J."]
[Result "1-0"]
[WhiteElo "1605"]
[BlackElo "1605"]
[PlyCount "41"]
[EventDate "1997.??.??"]

{2/(52)} 1. e4 e5 2. Nf3 d6 3. d4 Nf6 4. dxe5 Nxe4 5. Qe2 d5 6. Nfd2 Bb4 7. c3
Nxd2 8. Bxd2 Be7 9. f4 O-O 10. Qf3 Nc6 11. Bd3 Re8 12. O-O Bc5+ 13. Kh1 Be6 14.
b4 Be7 15. b5 Nb8 16. f5 Bd7 17. f6 Bf8 18. fxg7 Be6 19. gxf8=Q+ Rxf8 20. Bh6
Nd7 21. Qg3+ 1-0